[Event "Titled Tue 17th Jun Early"]
[Site "chess.com INT"]
[Date "2025.06.17"]
[Round "4"]
[White "Leiva, Gianmarco"]
[Black "Guo, Felix"]
[Result "1-0"]
[WhiteTitle "IM"]
[WhiteElo "2387"]
[BlackElo "2091"]
[WhiteFideId "3804399"]
[BlackFideId "30997550"]
[EventDate "2025.06.17"]

1. e4 e5 2. Nf3 Nf6 3. Nxe5 Nxe4 4. Qe2 Qe7 5. Qxe4 d6 6. f4 dxe5 7. fxe5 f5 8.
Qe3 Nc6 9. d4 Qh4+ 10. g3 Qxd4 11. Bg2 Bd7 12. Nc3 O-O-O 13. Qxd4 Nxd4 14. Kd1
f4 15. Bxf4 Bf5 16. Kc1 Nxc2 17. Bh3 Bxh3 18. Kxc2 Bf5+ 19. Kb3 Be6+ 20. Kc2
Bf5+ 21. Kb3 Bc5 22. Rad1 Be6+ 23. Kc2 Bf5+ 24. Kb3 Rhe8 25. h4 a5 26. a3 c6 27.
Kc4 Be7 28. Kb3 b5 29. a4 Be6+ 30. Kc2 Bf5+ 31. Kb3 b4 32. Ne2 Kb7 33. Nd4 Be4
34. Rhe1 Bd5+ 35. Kc2 Bc5 36. Nf5 g6 37. Nd6+ Bxd6 38. exd6 Be4+ 39. Kb3 c5 40.
d7 Re7 41. Bg5 Rexd7 42. Bxd8 Bd5+ 43. Rxd5 Rxd5 44. Bg5 Rd3+ 45. Kc4 Rxg3 46.
Kxc5 Rg2 47. Re7+ Ka6 48. Re6+ Kb7 49. Bf6 Rf2 50. Kb5 Rf5+ 51. Be5 g5 52. hxg5
Rxg5 53. Kxa5 b3 54. Kb4 Rg4+ 55. Kxb3 h5 56. Rh6 h4 57. Bf6 Rg3+ 58. Kb4 h3 59.
Ka5 Rf3 60. b4 h2 61. b5 Rxf6 62. Rxh2 Rf7 63. Rh6 Ka7 64. Re6 Kb7 65. Rc6 Rg7
66. Kb4 Rg5 67. Rc4 Kb6 68. a5+ Kb7 69. a6+ Ka7 70. Ka5 Rg7 71. b6+ Kb8 72. Kb5
Rg5+ 73. Rc5 Rg8 74. Rd5 Rf8 75. Rd7 Rf5+ 76. Kc6 Rf6+ 77. Rd6 Rf8 78. Re6 Rc8+
79. Kd7 Ka8 80. Re8 Rxe8 81. Kxe8 Kb8 82. Kd8 Ka8 83. b7+ Ka7 84. Kc8 1-0

[Event "Titled Tue 17th Jun Early"]
[Site "chess.com INT"]
[Date "2025.06.17"]
[Round "4"]
[White "Guerrero Cataldo, Juan Andres"]
[Black "George, Kevin"]
[Result "1/2-1/2"]
[WhiteTitle "CM"]
[BlackTitle "IM"]
[WhiteElo "2082"]
[BlackElo "2327"]
[WhiteFideId "3421260"]
[BlackFideId "10669515"]
[EventDate "2025.06.17"]

1. c4 Nf6 2. g3 c5 3. Bg2 g6 4. Nc3 Bg7 5. e3 O-O 6. Nge2 Nc6 7. d3 e6 8. a3 d5
9. cxd5 exd5 10. d4 cxd4 11. Nxd4 Bg4 12. Nxc6 bxc6 13. Qa4 Bd7 14. O-O c5 15.
Qd1 Be6 16. Na4 Rc8 17. Bd2 Ne4 18. Nc3 Nxd2 19. Qxd2 d4 20. exd4 cxd4 21. Nb5
Bc4 22. Nxa7 Bxf1 23. Rxf1 Rc7 24. Nc6 Qd6 25. Nb4 Rfc8 26. Re1 Re7 27. Rd1 Qc5
28. Bf3 Qc4 29. Kg2 Rd7 30. Bg4 f5 31. Bf3 d3 32. Qe3 Rcd8 33. Rd2 Kh8 34. Nc6
Rc8 35. Nb4 f4 36. Qe4 Qxe4 37. Bxe4 fxg3 38. hxg3 Rc4 39. Bxd3 Rcd4 40. Re2 Bf8
41. Bb5 Rb7 42. Bc6 Rb6 43. Re8 Kg7 44. Nc2 Rc4 45. Be4 Rxb2 46. Ne3 Rc3 47. Kf3
Rxa3 48. Rc8 Ra7 49. Nd5 Rf7+ 50. Kg4 Rbxf2 51. Nf4 Bd6 52. Bd5 Rf5 53. Be6
R5xf4+ 54. gxf4 Rxf4+ 55. Kh3 Kh6 56. Rd8 Be7 57. Rd7 Bf6 58. Bg8 Bg7 59. Kg3
Ra4 60. Kg2 Ra8 61. Be6 Re8 62. Bg4 Re5 63. Rd6 Kg5 64. Bf3 Bf6 65. Rd1 h5 66.
Rd5 Rxd5 67. Bxd5 Kf4 68. Bf7 Kg5 69. Bxg6 Kxg6 70. Kh1 Kf5 71. Kg1 Kg4 72. Kh1
Be5 73. Kg1 Kh3 74. Kh1 Bf4 75. Kg1 Kg4 76. Kh1 Kf5 77. Kg1 Kg4 78. Kh1 Kf3 79.
Kg1 Kg3 80. Kh1 Kh3 81. Kg1 Kg3 82. Kh1 Be5 83. Kg1 h4 84. Kh1 Kf3 85. Kg1 Bg3
86. Kh1 Ke2 87. Kg1 Ke1 88. Kh1 Ke2 89. Kg1 Ke3 90. Kh1 Ke4 91. Kg1 Kd5 92. Kh1
Kc6 93. Kg1 Kb7 94. Kh1 Ka8 95. Kg1 Kb7 96. Kh1 Kc6 97. Kg1 Kd5 98. Kh1 Ke4 99.
Kg1 Kf3 100. Kh1 h3 101. Kg1 h2+ 102. Kh1 Bf2 103. Kxh2 1/2-1/2

[Event "Titled Tue 17th Jun Early"]
[Site "chess.com INT"]
[Date "2025.06.17"]
[Round "4"]
[White "Deac, Bogdan-Daniel"]
[Black "Kosakowski, Jakub"]
[Result "1/2-1/2"]
[WhiteTitle "GM"]
[BlackTitle "GM"]
[WhiteElo "2674"]
[BlackElo "2548"]
[WhiteFideId "1226380"]
[BlackFideId "1185080"]
[EventDate "2025.06.17"]

1. d4 Nf6 2. c4 e6 3. Nc3 Bb4 4. e3 O-O 5. Bd3 d5 6. a3 Bxc3+ 7. bxc3 dxc4 8.
Bxc4 c5 9. Ne2 Qc7 10. Ba2 b6 11. O-O Bb7 12. Bb2 Nc6 13. c4 Rfd8 14. Rc1 Ne7
15. Qb3 Ng6 16. f3 Rac8 17. Rfd1 Nh4 18. e4 cxd4 19. Bxd4 Ng6 20. c5 bxc5 21.
Rxc5 Qe7 22. Rxc8 Bxc8 23. Nc3 h5 24. Qb4 Qc7 25. Qc5 Qf4 26. Be3 Rxd1+ 27. Nxd1
Qb8 28. Qxa7 Qb5 29. Qc5 Qe2 30. Qxc8+ Kh7 31. Bc4 Qxd1+ 32. Bf1 h4 33. Qc1 Qb3
34. Bc4 Qa4 35. h3 Ne5 36. Bf1 Nh5 37. Bf2 Ng3 38. Qg5 Ng6 39. Bxg3 hxg3 40.
Qxg3 Qxa3 41. Qf2 Qd6 42. g3 Ne5 43. Be2 Qd2 44. f4 Nc6 45. e5 Nd4 46. Bf1 Qd1
47. Kg2 Nf5 48. Kh2 Qc1 49. Bd3 g6 50. Bxf5 gxf5 51. Qe2 Kg7 52. Qf2 Qd1 53. Kg2
Qd5+ 54. Kh2 Qd1 55. Qg2 Qc1 56. Qe2 Kg6 57. h4 Kg7 58. Kg2 Qc6+ 59. Qf3 Qc2+
60. Kh3 Qc1 61. g4 fxg4+ 62. Qxg4+ Kf8 63. Qf3 Kg7 64. Qg4+ Kf8 65. Qf3 Kg7 66.
Qg3+ Kf8 67. h5 Qh1+ 68. Kg4 Kg7 69. Qh4 Qg2+ 70. Qg3 Qh1 71. Kg5 Qb1 72. h6+
Kh7 73. Kf6 Qf5+ 74. Ke7 Kxh6 75. Qh4+ Kg7 76. Qg3+ Kh6 77. Qf3 Kg7 78. Qg2+ Qg6
79. Qf3 f6 80. Qe3 Qf7+ 81. Kd6 fxe5 82. Qxe5+ Kh7 83. Qg5 Qf5 84. Ke7 Qxg5+ 85.
fxg5 Kg6 86. Kxe6 Kxg5 1/2-1/2

[Event "Titled Tue 17th Jun Early"]
[Site "chess.com INT"]
[Date "2025.06.17"]
[Round "4"]
[White "Reprintsev, Alexander"]
[Black "Ai, Evan"]
[Result "1-0"]
[WhiteTitle "IM"]
[WhiteElo "2256"]
[BlackElo "2188"]
[WhiteFideId "14100541"]
[BlackFideId "2094770"]
[EventDate "2025.06.17"]

1. e4 g6 2. d4 Bg7 3. Nc3 d6 4. h4 Nf6 5. h5 gxh5 6. Be2 e5 7. Bg5 Bg4 8. dxe5
dxe5 9. Qxd8+ Kxd8 10. Nd5 Nd7 11. O-O-O Kc8 12. Ne7+ Kd8 13. Bxg4 hxg4 14. Nf5
c6 15. Nxg7 Kc7 16. Nh5 Nxe4 17. Be3 f5 18. Ng3 Nd6 19. Rh6 Nf7 20. Nxf5 Nxh6
21. Nxh6 Rhf8 22. Nxg4 h5 23. Nh2 Rae8 24. Nhf3 Nf6 25. Ng5 Ng4 26. Bc5 Rf5 27.
N1h3 b6 28. Bd6+ Kc8 29. f3 Ne3 30. Rd2 Nc4 31. Rd3 Rd8 32. Bb4 Rxd3 33. cxd3
Ne3 34. g3 Nf1 35. Be1 Nh2 36. Kd2 Nxf3+ 37. Nxf3 Rxf3 38. Ke2 Rf5 39. Bf2 Kd7
40. Be3 Kd6 41. Nf2 Kd5 42. Ne4 Rf7 43. b3 Rg7 44. Nf6+ Ke6 45. Nxh5 Rg6 46. Kf3
c5 47. g4 Kd5 48. g5 a5 49. Nf6+ Ke6 50. Ne4 Kf5 51. a4 Rg8 52. Nd6+ Ke6 53. Nc4
Rb8 54. Ke4 b5 55. Nxa5 bxa4 56. bxa4 Rb4+ 57. Nc4 Rxa4 58. Bxc5 Ra1 59. Nxe5
Rh1 60. Be3 Rh4+ 61. Bf4 Rh1 62. d4 Ke7 63. Kf5 Rd1 64. g6 Kf8 65. Nd7+ Kg8 66.
Be5 Rf1+ 67. Ke6 Rg1 68. g7 Rg6+ 69. Kd5 Kf7 70. Nc5 Ke7 71. Ne4 Kf7 72. Kc5 Ra6
73. Nc3 Ra5+ 74. Kd6 Ra6+ 75. Kd5 Ra5+ 76. Ke4 Ra3 77. Nb5 Ra1 78. Nd6+ Kg8 79.
Nf5 Re1+ 80. Kd5 Ra1 81. Ne7+ 1-0

[Event "Titled Tue 17th Jun Early"]
[Site "chess.com INT"]
[Date "2025.06.17"]
[Round "4"]
[White "Nayem, Haque"]
[Black "Ristic, Nebojsa M"]
[Result "1/2-1/2"]
[WhiteTitle "FM"]
[BlackTitle "IM"]
[WhiteElo "2180"]
[BlackElo "2248"]
[WhiteFideId "10217754"]
[BlackFideId "900850"]
[EventDate "2025.06.17"]

1. d4 Nf6 2. c4 g6 3. Nc3 Bg7 4. h3 O-O 5. g4 c5 6. dxc5 Na6 7. Bg2 Nxc5 8. Nf3
d6 9. Qc2 a6 10. O-O Rb8 11. b4 Ne6 12. Bb2 h5 13. g5 Nd7 14. Nd5 Bxb2 15. Qxb2
b5 16. cxb5 Rxb5 17. Rfd1 Bb7 18. e4 Bxd5 19. exd5 Nf4 20. Nd4 Nxg2 21. Nc6 Qe8
22. Kxg2 e6 23. Qe2 Nb8 24. Nxb8 Qxb8 25. dxe6 Rxg5+ 26. Kf1 Re5 27. Qd3 Rxe6
28. Rab1 Qb6 29. a4 Rf6 30. Rd2 Rb8 31. b5 axb5 32. Rxb5 Qc7 33. Rxb8+ Qxb8 34.
Re2 Qb6 35. Qc3 d5 36. a5 Qa6 37. Ke1 Re6 38. Rxe6 fxe6 39. Qb4 Kf7 40. Qb6 Qd3
41. a6 Qc3+ 42. Kd1 Qd3+ 43. Kc1 Qc3+ 44. Kb1 Qd3+ 45. Kb2 Qd2+ 46. Kb3 Qd3+ 47.
Ka4 Qc4+ 48. Ka5 Qc3+ 49. Qb4 Qc7+ 50. Ka4 Qc2+ 51. Qb3 Qc6+ 52. Ka5 Qc5+ 53.
Qb5 Qc7+ 54. Kb4 Qd6+ 55. Kc3 d4+ 56. Kd3 Kf6 57. Qc4 e5 58. f3 Kf5 59. Qb5 Kf4
60. Qc4 Qa3+ 61. Kd2 Kxf3 62. Qc6+ e4 63. Qf6+ Kg2 64. Qxg6+ Kh2 65. Qxe4 Qxa6
66. Qf4+ Kxh3 67. Qf3+ Kh4 68. Qf4+ Kh3 69. Qf3+ Kh2 70. Qxh5+ Kg3 71. Qg5+ Kf3
72. Qf5+ Kg3 73. Qe5+ Kg4 74. Qxd4+ Kg3 75. Qe3+ Kg4 76. Qe4+ Kg5 77. Qc2 Qd6+
78. Kc1 Qf4+ 79. Qd2 Kg4 80. Kd1 Qf3+ 81. Qe2 Kg3 82. Kd2 Qf2 83. Qxf2+ Kxf2 1/2-1/2

[Event "Titled Tue 17th Jun Early"]
[Site "chess.com INT"]
[Date "2025.06.17"]
[Round "4"]
[White "Aarit Kapil"]
[Black "Gu, Xiaobing"]
[Result "1-0"]
[WhiteTitle "CM"]
[BlackTitle "WGM"]
[WhiteElo "2078"]
[BlackElo "2148"]
[WhiteFideId "33408947"]
[BlackFideId "8602611"]
[EventDate "2025.06.17"]

1. Nf3 Nf6 2. g3 g6 3. Bg2 Bg7 4. O-O O-O 5. d4 d6 6. c4 Nc6 7. Nc3 Bf5 8. Re1
Ne4 9. Nh4 Nxc3 10. bxc3 Bd7 11. Rb1 Rb8 12. e4 e5 13. d5 Na5 14. Qd3 b6 15. Nf3
Qe7 16. Be3 Kh8 17. Rb2 f5 18. Bg5 Qf7 19. c5 fxe4 20. Qxe4 Bf5 21. Qh4 bxc5 22.
Rxb8 Rxb8 23. g4 Bd7 24. Be3 Nc4 25. Ng5 Qg8 26. Be4 Bf6 27. Bc1 Qg7 28. Qg3
Bxg5 29. Bxg5 Rf8 30. Qh4 Qf7 31. Bd3 Nb6 32. f4 Nxd5 33. fxe5 Nf4 34. Bf6+ Kg8
35. Be4 dxe5 36. Bxe5 Nh3+ 37. Kg2 Nf4+ 38. Kh1 Be6 39. Rf1 Bd5 40. Rxf4 Bxe4+
41. Kg1 Qd5 42. Rxf8+ Kxf8 43. Qf6+ Ke8 44. Qh8+ Kd7 45. Qxh7+ Kc6 46. Qxc7+ Kb5
47. Kf2 Qd2+ 48. Kg3 Qe3+ 49. Kh4 Qh6+ 50. Kg3 Qe3+ 51. Kh4 Qf2+ 52. Kg5 Qe3+
53. Kf6 Qf3+ 54. Kg7 Qxg4 55. Qb8+ Kc4 56. Qxa7 Qe6 57. Qa4+ Kd3 58. Bf6 Bd5 59.
Qd1+ Ke4 60. Qe2+ Kf4 61. Qxe6 Bxe6 62. a4 g5 63. a5 Bc4 64. Kf8 Ba6 65. Ke7 g4
66. Kd6 c4 67. Kc6 Ke4 68. Bh4 Bc8 69. Kc7 Ba6 70. Kb6 Bc8 71. a6 Be6 72. a7 Bd5
73. Bf6 Kf5 74. Bd4 Kf4 75. Kc7 Kf3 76. Kb8 Kg2 77. Be5 Kf3 78. a8=Q Bxa8 79.
Kxa8 Ke4 80. Bd4 1-0

[Event "Titled Tue 17th Jun Early"]
[Site "chess.com INT"]
[Date "2025.06.17"]
[Round "4"]
[White "Anakok, Deniz"]
[Black "Aarav Sinha"]
[Result "1-0"]
[WhiteTitle "CM"]
[BlackTitle "FM"]
[WhiteElo "2058"]
[BlackElo "2255"]
[WhiteFideId "51603586"]
[BlackFideId "25674064"]
[EventDate "2025.06.17"]

1. e4 c5 2. Nf3 d6 3. d4 cxd4 4. Nxd4 Nf6 5. Nc3 a6 6. Be2 e5 7. Nb3 Be7 8. Be3
Be6 9. O-O O-O 10. f3 d5 11. exd5 Nxd5 12. Nxd5 Qxd5 13. Qxd5 Bxd5 14. c4 Be6
15. Nc5 Bxc5 16. Bxc5 Rc8 17. Bd6 Nc6 18. b3 f6 19. f4 e4 20. f5 Bf7 21. Rf4 Rd8
22. Bc5 Nd4 23. Rxe4 Nxf5 24. Bf3 Rac8 25. Bb6 Rd2 26. Bg4 Bg6 27. Rf4 Rc6 28.
Ba5 Rd4 29. Rxd4 Nxd4 30. Bc3 Ne6 31. Rd1 Nc5 32. Rd8+ Kf7 33. b4 Ne4 34. Rd7+
Kf8 35. Rd8+ Ke7 36. Rd7+ Ke8 37. Rxb7 Rxc4 38. Be1 Rc1 39. Kf1 f5 40. Bf3 Nd2+
41. Ke2 Nxf3 42. gxf3 Bf7 43. a3 Bc4+ 44. Kd2 Ra1 45. Rxg7 Rxa3 46. Rxh7 Rd3+
47. Kc2 Rxf3 48. Bd2 Rf2 49. Kc3 Bb5 50. Be3 Rg2 51. Kd4 Re2 52. h4 Rb2 53. Kc5
Rc2+ 54. Kd6 Rc6+ 55. Ke5 Rc4 56. Bc5 Rc1 57. h5 Re1+ 58. Kf6 f4 59. h6 f3 60.
Rg7 f2 61. Bxf2 Rf1 62. Rg2 Bd3 63. Rh2 Rb1 64. h7 Bxh7 65. Rxh7 Rxb4 66. Be3
Re4 67. Bc5 Re1 68. Ra7 Rf1+ 69. Ke5 Re1+ 70. Kd6 Rd1+ 71. Kc6 Ra1 72. Bd4 Kf8
73. Bxa1 Ke8 74. Rxa6 Kd8 75. Ra5 Ke7 76. Rd5 Kf7 77. Rd6 Kg8 78. Be5 Kh7 79.
Kd7 Kg8 80. Ke7 Kh7 81. Bf4 Kg8 82. Bh6 Kh7 83. Bf8 Kg8 84. Rg6+ Kh7 85. Rg7+
Kh8 86. Rg1 Kh7 87. Bh6 Kh8 88. Kf7 Kh7 89. Bf4 Kh8 90. Be5+ Kh7 91. Rh1# 1-0

[Event "Titled Tue 17th Jun Early"]
[Site "chess.com INT"]
[Date "2025.06.17"]
[Round "4"]
[White "Raptis, Nick"]
[Black "Dumanuly, Sultanbeibarys"]
[Result "0-1"]
[WhiteTitle "FM"]
[BlackTitle "FM"]
[WhiteElo "2220"]
[BlackElo "2212"]
[WhiteFideId "2016850"]
[BlackFideId "13731963"]
[EventDate "2025.06.17"]

1. d4 d5 2. Nc3 Nf6 3. Bg5 Ne4 4. Nxe4 dxe4 5. e3 c6 6. c3 g6 7. Bc4 Bg7 8. f3
Qa5 9. Bh4 Qh5 10. Bg3 Bf5 11. fxe4 Qxd1+ 12. Rxd1 Bxe4 13. Nf3 Bd5 14. Bb3 Bxb3
15. axb3 Nd7 16. O-O O-O 17. b4 e6 18. e4 h6 19. Nd2 Nb6 20. Ra1 Rfd8 21. Bc7
Rdc8 22. Bxb6 axb6 23. Nc4 b5 24. Nd6 Rcb8 25. Nxf7 Rxa1 26. Nxh6+ Bxh6 27. Rxa1
Rf8 28. g3 Be3+ 29. Kg2 Rf2+ 30. Kh3 Rxb2 31. Ra8+ Kg7 32. Ra7 Rc2 33. Rxb7+ Kh6
34. Rc7 Rxc3 35. d5 exd5 36. exd5 Bg1 37. dxc6 Kg5 38. Kg2 Bb6 39. Rd7 Rc2+ 40.
Kf3 Rc3+ 41. Kg2 Rxc6 42. Rd5+ Kf6 43. Rxb5 Rc2+ 44. Kf3 Bc7 45. Rb7 Bd6 46. h4
Rc3+ 47. Ke4 Rxg3 48. Rb6 Ke7 49. b5 Rb3 50. Kd5 Rd3+ 51. Ke4 Rb3 52. Kd5 Rd3+
53. Ke4 Rd1 54. Rb7+ Ke6 55. b6 Rb1 56. Rg7 Rb4+ 57. Kd3 Kf5 58. Rb7 Bc5 59.
Rf7+ Kg4 60. Rc7 Bxb6 61. Rg7 Kf5 62. Rf7+ Ke5 63. Rg7 Kf6 64. Rg8 Rxh4 65. Rf8+
Kg7 66. Rf3 Bc7 67. Ke2 Ra4 68. Rc3 Be5 69. Rb3 Bf6 70. Kf3 g5 71. Kg2 Kg6 72.
Rd3 Ra2+ 73. Kf3 Rc2 74. Rd5 Rc4 75. Kg3 Rf4 76. Kg2 Rf5 77. Rd3 g4 78. Rb3 Kg5
79. Kg3 Be5+ 80. Kg2 Rf4 81. Rb5 Re4 82. Rd5 Kf4 83. Rd7 Re2+ 84. Kf1 Ra2 85.
Rf7+ Kg3 86. Rf5 Bf4 87. Rb5 Kf3 88. Rb3+ Be3 89. Rb1 Rh2 0-1

[Event "Titled Tue 17th Jun Early"]
[Site "chess.com INT"]
[Date "2025.06.17"]
[Round "4"]
[White "Esipenko, Andrey"]
[Black "Rustamov, Rustam"]
[Result "1-0"]
[WhiteTitle "GM"]
[BlackTitle "FM"]
[WhiteElo "2689"]
[BlackElo "2334"]
[WhiteFideId "24175439"]
[BlackFideId "13440110"]
[EventDate "2025.06.17"]

1. d4 Nf6 2. Nf3 e6 3. g3 d5 4. Bg2 Be7 5. O-O O-O 6. Bf4 c5 7. dxc5 Nc6 8. c4
Bxc5 9. Nc3 dxc4 10. Qa4 a6 11. Qxc4 Qe7 12. Bg5 h6 13. Bh4 b5 14. Bxf6 gxf6 15.
Qf4 Kg7 16. Ne4 Bb6 17. Rac1 e5 18. Qxf6+ Qxf6 19. Nxf6 Ne7 20. Nh5+ Kh8 21.
Nxe5 Rb8 22. Nf4 Kg7 23. Rfd1 Bf5 24. Bh3 Rfd8 25. Bxf5 Nxf5 26. Rd7 Rxd7 27.
Nxd7 Rb7 28. Nxb6 Rxb6 29. e3 Rd6 30. Rc2 Rd1+ 31. Kg2 Nd6 32. Kf3 Nc4 33. b3
Ne5+ 34. Ke4 Ng4 35. h3 Nf6+ 36. Kf5 b4 37. e4 Ne8 38. e5 Kf8 39. Ke4 Re1+ 40.
Kd4 Rd1+ 41. Nd3 Ng7 42. Ke4 a5 43. Rc8+ Ke7 44. Rc7+ Kf8 45. Ra7 Ne6 46. Rxa5
Ng5+ 47. Ke3 Nxh3 48. Nxb4 Re1+ 49. Kf3 Ng5+ 50. Kg2 Re2 51. Nd3 Rd2 52. Rd5 Ne4
53. Kf3 Nc3 54. Rd7 Ke8 55. Rd4 Nb5 56. Rb4 Nc3 57. Nf4 Nxa2 58. Rb8+ Ke7 59.
Rb7+ Ke8 60. b4 Rb2 61. b5 Nc3 62. b6 Na4 63. Nd5 Nc5 64. Rb8+ Kd7 65. Rh8 Rb3+
66. Kg4 Ke6 67. Nf4+ Kxe5 68. Rxh6 f6 69. Rh5+ Kd6 70. Rd5+ Kc6 71. Rf5 Ne4 72.
Nh5 Rxb6 73. Nxf6 Nd6 74. Rf4 Rb1 75. Ne4 Nb5 76. Ng5 Re1 77. Rf6+ Kd5 78. Rf5+
Kc4 79. Nf3 Re8 80. Ne5+ Kb4 81. Nd3+ Kc4 82. Nf4 Kb4 83. Rf7 Nd4 84. Kh3 Kc4
85. Kg2 Ra8 86. Rc7+ Kb5 87. g4 Ra2 88. g5 Ra4 89. g6 Nf5 90. Ne6 Rg4+ 91. Kf3
Rxg6 92. Nf4 Rf6 93. Ke4 Nd6+ 94. Kf3 Nc4 95. Rh7 Ne5+ 96. Kg3 Nc4 97. Rh5+ Ka4
98. Rc5 Kb3 99. Rc8 Rf7 100. Nd5 Ne5 101. f4 Rg7+ 102. Kf2 Nc4 103. Kf3 Rf7 104.
Rb8+ Kc2 105. Ne3+ Kd3 106. Rd8+ Kc3 107. Rc8 Kd3 108. Nxc4 Kd4 109. Ne5 Rf6
110. Rd8+ Kc5 111. Rd3 Rf8 112. Ke4 Rh8 113. Rd5+ 1-0

[Event "Titled Tue 17th Jun Early"]
[Site "chess.com INT"]
[Date "2025.06.17"]
[Round "4"]
[White "Castillo, Santiago"]
[Black "Gardezi, Arsal"]
[Result "1-0"]
[WhiteElo "2163"]
[BlackElo "2048"]
[WhiteFideId "108936"]
[BlackFideId "30949521"]
[EventDate "2025.06.17"]

1. e4 e6 2. c4 d5 3. cxd5 exd5 4. exd5 Nf6 5. Nc3 Nxd5 6. Bc4 Nf6 7. d4 Be7 8.
Nf3 O-O 9. O-O c6 10. h3 Bf5 11. Re1 Bg6 12. Ne5 Nbd7 13. Qb3 Nb6 14. Nxg6 hxg6
15. Bf1 Re8 16. Be3 Nfd5 17. Rac1 Nxe3 18. fxe3 Bh4 19. Re2 Qf6 20. Qc2 Nc4 21.
Ne4 Qe7 22. Qxc4 Qxe4 23. Qb3 Re7 24. Rc3 Rae8 25. Qc2 Qe6 26. e4 Qxa2 27. Ra3
Qe6 28. Rxa7 Qd7 29. Qb3 Qxd4+ 30. Qe3 Qxe3+ 31. Rxe3 Bf6 32. Rd3 Rxe4 33. Rxb7
c5 34. g3 Re1 35. Rf3 Rb1 36. Kg2 Ree1 37. h4 Rec1 38. Bd3 Rg1+ 39. Kh3 Rh1+ 40.
Kg4 Rbc1 41. b3 Rce1 42. Bc4 Re4+ 43. Rf4 Re3 44. Rxf7 Kh7 45. Rf8 Be5 46. Bg8+
Kh6 47. Bd5 Kh7 48. Rf3 Rhe1 49. Rxe3 Rxe3 50. Rf3 Re1 51. Rd3 Rf1 52. Be4 Re1
53. Kf3 Bd4 54. h5 Rf1+ 55. Kg2 Rf2+ 56. Kh3 Kh6 57. Bxg6 Rf1 58. g4 Rh1+ 59.
Kg3 Rg1+ 60. Kf3 Rh1 61. Bf5 Rh3+ 62. Ke4 Rh1 63. Kd5 Re1 64. Rf3 Re5+ 65. Kc4
Kg5 66. Bd7 Re1 67. Rf5+ Kh4 68. Rf7 Rc1+ 69. Kd5 Rd1 70. Kc6 Rb1 71. Be6 Re1
72. Bc4 Rg1 73. Be6 Rg3 74. Kd7 Rd3 75. Ke8 Re3 76. Kd7 Rd3 77. Kc6 Re3 78. Bd7
Rxb3 79. Rf4 Kg5 80. Re4 Ra3 81. Bf5 Rh3 82. Kd5 Rf3 83. Kc4 Rc3+ 84. Kd5 Rc1
85. Re7 Bf6 86. Re8 c4 87. Rc8 c3 88. Kc4 Rf1 89. Kb3 Rxf5 90. gxf5 Kxf5 91.
Rc5+ Kg4 92. Kc2 Bg5 93. Rb5 Bf6 94. Rb7 Kxh5 95. Rb5+ Kg6 96. Ra5 Kh6 97. Ra1
g5 98. Rh1+ Kg6 99. Kd3 Kf5 100. Rf1+ Kg6 101. Ke4 g4 102. Kf4 Kh5 103. Rh1+ Bh4
104. Rh2 g3 105. Rc2 Bf6 106. Kxg3 Kg5 107. Kf3 Kf5 108. Ke3 Ke5 109. Kd3 Kd5
110. Rf2 Be5 111. Rf5 Ke6 112. Rh5 Kd5 113. Rg5 Ke6 114. Ke4 Bf6 115. Rc5 Kd6
116. Rc4 Ke6 117. Rc6+ Ke7 118. Kf5 Bd4 119. Ke4 Kd7 120. Kd5 Bf6 121. Rc4 Ke7
122. Rc5 Kf7 123. Rc6 Ke7 124. Rc7+ Kd8 125. Rc4 Ke7 126. Rf4 1-0

[Event "Titled Tue 17th Jun Early"]
[Site "chess.com INT"]
[Date "2025.06.17"]
[Round "5"]
[White "Paxtor Chiguichon, Rodolfo Enrique"]
[Black "Wu, Derek"]
[Result "0-1"]
[WhiteTitle "CM"]
[BlackTitle "FM"]
[WhiteElo "2009"]
[BlackElo "2232"]
[WhiteFideId "7307012"]
[BlackFideId "30914558"]
[EventDate "2025.06.17"]

1. e4 e5 2. Nf3 Nc6 3. d4 exd4 4. Nxd4 Nf6 5. Nc3 Bb4 6. Nxc6 bxc6 7. Bd3 d5 8.
exd5 O-O 9. O-O Bg4 10. Be2 Bxe2 11. Nxe2 cxd5 12. c3 Bd6 13. Bf4 a5 14. Qd2 Rb8
15. Rfd1 c6 16. b3 Ne4 17. Qc2 Bxf4 18. Nxf4 Qf6 19. Ne2 Qxf2+ 20. Kh1 Qe3 0-1

[Event "Titled Tue 17th Jun Early"]
[Site "chess.com INT"]
[Date "2025.06.17"]
[Round "5"]
[White "Balavignan, Ashvin"]
[Black "Lazavik, Denis"]
[Result "0-1"]
[WhiteTitle "CM"]
[BlackTitle "GM"]
[WhiteElo "2023"]
[BlackElo "2580"]
[WhiteFideId "3261425"]
[BlackFideId "13515110"]
[EventDate "2025.06.17"]

1. d4 Nf6 2. c4 g6 3. Nc3 Bg7 4. e4 O-O 5. Nf3 d6 6. Be2 Nbd7 7. h3 e5 8. d5 Nc5
9. Qc2 a5 10. g4 c6 11. Be3 cxd5 12. cxd5 Qe7 13. O-O-O Bd7 14. Kb1 Rfc8 15. a4
Ncxe4 16. Nd2 Nxc3+ 17. bxc3 Nxd5 18. Ne4 Bc6 19. Rhg1 Nxe3 20. fxe3 d5 21. Ng3
e4 22. Rc1 Rab8 23. Bb5 Bxb5 24. axb5 Rc5 25. Qb2 Qd7 26. Ka2 Rxb5 27. Qa3 Bf8 0-1

[Event "Titled Tue 17th Jun Early"]
[Site "chess.com INT"]
[Date "2025.06.17"]
[Round "5"]
[White "Stankovic, Boris"]
[Black "Popov, Tikhon"]
[Result "0-1"]
[WhiteTitle "FM"]
[BlackTitle "CM"]
[WhiteElo "2298"]
[BlackElo "2173"]
[WhiteFideId "985317"]
[BlackFideId "24252026"]
[EventDate "2025.06.17"]

1. e4 c5 2. Nf3 e6 3. d4 cxd4 4. Nxd4 Nf6 5. Nc3 Nc6 6. Ndb5 Bc5 7. Bf4 O-O 8.
Bc7 Qe7 9. Bd6 Bxd6 10. Qxd6 Qd8 11. O-O-O a6 12. Nd4 Ne7 13. f3 b5 14. Kb1 Ne8
15. Qg3 Bb7 16. Nb3 Rc8 17. f4 b4 18. Na4 Bxe4 19. Bd3 Nf5 20. Qe1 Bxd3 21. Rxd3
d5 22. Qxb4 Ned6 23. g4 Ne7 24. Rhd1 Rc4 25. Qxc4 Nxc4 0-1

[Event "Titled Tue 17th Jun Early"]
[Site "chess.com INT"]
[Date "2025.06.17"]
[Round "5"]
[White "Bacus, Dharim"]
[Black "Mujumdar, Sameer"]
[Result "1-0"]
[WhiteTitle "FM"]
[WhiteElo "2131"]
[BlackElo "2043"]
[WhiteFideId "5201527"]
[BlackFideId "2029707"]
[EventDate "2025.06.17"]

1. e4 c5 2. Nf3 d6 3. d4 cxd4 4. Nxd4 Nf6 5. Nc3 a6 6. Bg5 e6 7. f4 Be7 8. Qf3
Qc7 9. O-O-O Nbd7 10. Be2 h6 11. Bxf6 Nxf6 12. g4 b5 13. g5 hxg5 14. fxg5 Nd7
15. g6 Bf6 16. gxf7+ Kxf7 17. a3 Ne5 18. Qg3 Bd7 19. Rhg1 Rac8 20. Kb1 Qb8 21.
Rdf1 b4 22. Qxg7+ 1-0

[Event "Titled Tue 17th Jun Early"]
[Site "chess.com INT"]
[Date "2025.06.17"]
[Round "5"]
[White "Dinesh, Rajan M"]
[Black "Guerrero Cataldo, Juan Andres"]
[Result "1-0"]
[WhiteTitle "CM"]
[BlackTitle "CM"]
[WhiteElo "2133"]
[BlackElo "2082"]
[WhiteFideId "35060600"]
[BlackFideId "3421260"]
[EventDate "2025.06.17"]

1. Nf3 Nf6 2. d3 g6 3. g3 Bg7 4. Bg2 O-O 5. O-O d5 6. Nbd2 c5 7. e4 dxe4 8. Nxe4
Nxe4 9. dxe4 Nc6 10. c3 Qxd1 11. Rxd1 Bg4 12. Be3 b6 13. h3 Bxf3 14. Bxf3 Ne5
15. Be2 Rfd8 16. f4 Nc6 17. Bb5 Rxd1+ 18. Rxd1 Rd8 19. Rd5 Rxd5 20. exd5 Nb8 21.
a4 Bf8 22. f5 a6 23. Be8 e5 24. fxe6 Bd6 25. Bxf7+ Kf8 26. Bh6+ Ke7 27. Bg5+ Kf8
28. Bf4 Bxf4 29. gxf4 Ke7 30. Kf2 b5 31. a5 Kd6 32. Ke3 Ke7 33. Ke4 Nd7 34. exd7
Kxd7 35. Bg8 h6 36. h4 Ke7 37. Ke5 g5 38. hxg5 h5 39. Be6 h4 40. d6+ Kd8 41. g6 1-0

[Event "Titled Tue 17th Jun Early"]
[Site "chess.com INT"]
[Date "2025.06.17"]
[Round "5"]
[White "Sanhueza, Cristian"]
[Black "Thomforde-Toates, Noah"]
[Result "1-0"]
[WhiteTitle "FM"]
[WhiteElo "2213"]
[BlackElo "2128"]
[WhiteFideId "116815"]
[BlackFideId "30951992"]
[EventDate "2025.06.17"]

1. e4 c5 2. Nf3 g6 3. d4 cxd4 4. Nxd4 Bg7 5. Nc3 Nc6 6. Be3 Nf6 7. Bc4 O-O 8.
Bb3 a5 9. O-O d6 10. h3 Bd7 11. Ndb5 a4 12. Nxa4 Nxe4 13. Bb6 Qc8 14. Nc7 Rxa4
15. Bxa4 Bxb2 16. Nd5 Re8 17. Bb3 Bxa1 18. Qxa1 Be6 19. Nc7 Bxb3 20. Nxe8 Bc4
21. Qg7# 1-0

[Event "Titled Tue 17th Jun Early"]
[Site "chess.com INT"]
[Date "2025.06.17"]
[Round "5"]
[White "Mariano, Fabian Glen"]
[Black "Kovalenko, Igor"]
[Result "0-1"]
[WhiteTitle "FM"]
[BlackTitle "GM"]
[WhiteElo "2401"]
[BlackElo "2676"]
[WhiteFideId "7129041"]
[BlackFideId "14117908"]
[EventDate "2025.06.17"]

1. e4 d5 2. exd5 Qxd5 3. Nc3 Qa5 4. d4 Nf6 5. Nf3 c6 6. Bc4 Bf5 7. Ne5 e6 8. g4
Bg6 9. f4 Nbd7 10. Nxd7 Nxd7 11. O-O O-O-O 0-1